000 00548nmm a2200169Ia 4500
008 251105s9999||||xx |||||||||||||||||und||
020 _a9788413051048
041 _aspa
100 _aOrtega Cervigón, José Ignacio
245 0 _aBreve historia de la vida cotidiana de la Edad Media occidental :
_b Vida cotidiana 9
264 _a[Madrid, España] :
_bEdiciones Nowtilus,
_c2020
300 _a320 páginas
490 _aBreve historia
650 _aHistory (General)
856 _uhttps://public.digitaliapublishing.com/a/171957
942 _cCF
999 _c76322
_d76322